| 000 | 00390nam a2200157Ia 4500 | ||
|---|---|---|---|
| 003 | GCL | ||
| 008 | 140319s9999 xx 000 0 eng d | ||
| 040 |
_aGCL / _cGCL |
||
| 082 | 0 | 4 |
_a704 _bT O |
| 100 | 1 | _aTHOMPSSON, JAMES | |
| 245 | 1 | 0 |
_aLES ORIENTALISTES / _cTHOMPSSON, JAMES |
| 260 |
_a[S.N] : _bACR EDITION ، _c1987 |
||
| 300 | _a336 P P | ||
| 650 | 0 | 4 | _aART ORIENTAL |
| 942 |
_2ddc _cBK |
||
| 999 |
_c17662 _d17662 |
||